000 00586nam a22001937a 4500
005 20140821110553.0
010 _aENG-110589
020 _c480.00
_a9788122505566
035 _aEN-94121
037 _bDBAD/PUB
082 _a510.24658
100 _aAggarwal, B. M.
245 _aBusiness mathematics /
_cby B.M. Aggarwal [and] Tariq Ahmed Shikarie
260 _aNew Delhi
_bKitab Mahal
_c2011
270 _bNew Delhi
_e110002
_a8, Hari Sadan, 20 Ansari Road
300 _axiii,250p.
_c24cm(Hb)
700 _aTariq Ahmed Shikarie
942 _2ddc
_cEN
_mAGG
_h510.24658
999 _c87498
_d87498